00532nam a22001697a 450000500170000001000150001702000260003203500140005803700130007208200140008510000150009924500640011426000360017827000730021430000260028750000490031320170324155114.0 aENG-117602 a9788175418677c300.00 aEN-101134 bDBAD/PUB a305.40954 aZenab Banu aMuslim women in political process in India /cby Zenab Babu aDelhibShipra Publicationc2016 aLG 18-19, Pankaj Central Market, I.P. Ext. PatparganjbDelhie110092 axvi,192p.c21cm (pbk) aIncludes bibliographical reference, index